000 00551nam a2200193 a 4500
005 20140310183320.0
008 020821s19uu xx 00 eng d
020 _a971-733-009-3
050 _aHD 31
_b.Sa237 2004
100 _aSantos, Emmanuel Tiu
245 _aOrganization and management /
_cEmmanuel Tiu Santos.
260 _aPhilippines :
_bInternational Academy of Mangement & Economics,
_cc2004.
300 _a713 p. :
_c22 cm.
521 _aBSBA
650 _aManagement
650 _aOrganization
942 _cBK
_2lcc
999 _c21372
_d21372